|
|
|
|
| LEADER |
00000nas a2200000 4500 |
| 001 |
vtls012274299 |
| 003 |
SK-MaSNL |
| 005 |
20260425194306.0 |
| 008 |
250331d18051851au ar 000 b0ger |
| 015 |
|
|
|a SNBHFB
|
| 040 |
|
|
|a SNKHF
|b slo
|c SNKHF
|e rda
|
| 041 |
0 |
|
|a ger
|
| 043 |
|
|
|a e-au---
|
| 044 |
|
|
|a au
|c AT
|
| 072 |
|
7 |
|a 006.95
|x Chronológia
|2 konspekt
|
| 080 |
|
|
|a (051)-048.55
|2 2011
|
| 080 |
|
|
|a (436.1)
|2 2011
|
| 080 |
|
|
|a 006.95
|2 2011
|
| 245 |
0 |
0 |
|a Kalender und Handlungsgremien-Schema der Römisch und Östereich Kaiserl Haupt- und Residenzstadt Wien für das Jahr ...
|
| 264 |
|
1 |
|a Wien
|b Zu finden bey Verfasser Anton Pichler
|c [1805-1851]
|
| 300 |
|
|
|c 17 cm
|
| 310 |
|
|
|a 1x ročne
|
| 336 |
|
|
|a text
|b txt
|2 rdacontent
|
| 337 |
|
|
|a bez média
|b n
|2 rdamedia
|
| 338 |
|
|
|a zväzok
|b nc
|2 rdacarrierr
|
| 362 |
0 |
|
|a [1805-1851]
|z ONB/2025
|
| 500 |
|
|
|a Súčasťou názvu je označenie roku
|
| 500 |
|
|
|a Editor: 1806, Anton Redl
|
| 546 |
|
|
|a Nemčina
|b Fraktúra
|
| 561 |
|
|
|a Proveniencia: pečiatka Dr. E. Kadarász - ver. not. poz. Margity Zayovej Čís. 10279.
|5 SNK ČD 2581/1806
|
| 588 |
|
|
|a Popis podľa: Rok 1806
|
| 651 |
|
7 |
|a Viedeň (Rakúsko)
|2 SNKPHgeo
|9 25604
|
| 655 |
|
7 |
|a špecializované časopisy
|2 SNKPH
|9 70509
|
| 655 |
|
7 |
|a textové kalendáre
|2 SNKPH
|9 60816
|
| 700 |
1 |
|
|a Redl, Anton
|4 edt
|9 274210
|
| 700 |
1 |
|
|a Pichler, Anton,
|d 1770-1823
|4 pbl
|9 274211
|
| 752 |
|
|
|a Rakúsko
|d Viedeň
|
| 852 |
|
|
|a snk
|b Zaiova knižnica: Zay 9898
|p ČD 2581/1806
|
| 958 |
|
|
|a DF
|
| 999 |
|
|
|c 9761
|d 11691
|
| 952 |
|
|
|t Zay 9898
|a SNK
|b SNK
|c SNK_HF
|y PREZ
|7 0
|p 17A1489622
|o snkČD 2581/1806
|i snk2025/5520
|8 5
|0 0
|1 0
|4 0
|d 2025-03-31
|l 0
|r 2026-02-21 22:33:42
|w 2026-02-21
|